000 01823nam a2200433Ii 4500
001 DIGUMED0045
003 NyNyDIG
008 230810s2022 ck ob 000 0 spa d
006 m o d
007 cr |||||||||||
035 _a(OCoLC)1393996850
040 _aDGITA
_beng
_erda
_epn
_cDGITA
043 _as-ck---
020 _a9789585180413
_qeBook
050 1 4 _aLB2806.15 ebook
245 0 0 _aEstrategias didácticas para la mejora de la calidad educativa en Colombia /
_ccoordinadores académicos, Solbey Morillo Puente, Ana María Cadavid Rojas, Juan Camilo Vásquez Atehortúa.
264 1 _aMedellín, Colombia :
_bSello Editorial Universidad de Medellín,
_c2022.
300 _a1 online resource.
336 _atext
_btxt
_2rdacontent
337 _acomputer
_bc
_2rdamedia
338 _aonline resource
_bcr
_2rdacarrier
347 _atext file
_2rdaft
347 _bPDF
504 _aIncludes bibliographical references.
588 0 _aOnline resource; title from PDF title page (Digitalia, viewed August 10, 2023)
650 0 _aElementary school teaching.
650 0 _aEducation, Secondary.
650 0 _aEffective teaching
_zColombia.
650 0 _aTeachers
_xProfessional ethics.
700 1 _aMorillo Puente, Solbey,
_eeditor.
700 1 _aCadavid Rojas,Ana María,
_eeditor.
700 1 _aVásquez Atehortúa, Juan Camilo,
_eeditor.
791 2 _aDigitalia (Firm),
_edistributor.
793 0 _gDigitalia eBook Collection:
_aUniversidad de Medellín
776 0 8 _iPrint version:
_tEstrategias didácticas para la mejora de la calidad educativa en Colombia.
_b1a. edición.
_dMedellín, Colombia: Sello Editorial Universidad de Medellín, 2022.
856 4 0 _3Digitalia Hispánica
_uhttps://www.digitaliapublishing.com/a/128553/
910 _aPremium collection: 2023
942 _cRAA
999 _c279620
_d279620